Statistics for Supporterklubber for norske fotballklubber

Click here to take the quiz!

General Stats

  • This quiz has been taken 44 times
    (41 since last reset)
  • The average score is 9 of 32

Answer Stats

FotballklubbSupporterklubb% Correct
VålerengaKlanen
84%
RosenborgKjernen
70%
MoldeTornekrattet
70%
LillestrømKanarifansen
59%
StrømsgodsetGodsetUnionen
54%
OddOddrane
51%
BrannBataljonen
49%
HaugesundMåkeberget
46%
TromsøIsberget
43%
StartTigerberget
35%
SogndalSaftkokaradn
35%
StabækStabæk support
32%
VikingVikinghordene
32%
Mjøndalen3050
32%
Sarpsborg 08Fossefallet
30%
AalesundStormen
30%
Ham-KamBriskebybanden
30%
SandefjordBlåhvalene
30%
KristiansundUglan
22%
StrømmenGreyhounds
16%
RanheimForza Ranheim
16%
Bodø/GlimtDen Gule Horde
14%
NotoddenRallarberget
11%
KongsvingerKIL supporterklubb
8%
LevangerKokkelandslaget
8%
Ullensaker/Kisa1894 Jessheim
8%
FlorøStimen
5%
TromsdalenTindfotingan
5%
ÅsaneDer Waffel
5%
Sandnes UlfGaukereiret
5%
JervSvaberget
3%
Nest-SotraStrilane
0%

Score Distribution

Percentile by Number Answered

Percent of People with Each Score

Your Score History

You have not taken this quiz since the last reset